000 00361nam a2200145Ia 4500
005 20250729165648.0
008 250729s1989 xx 000 0 und d
041 _aeng
082 _a372.03 JOHO
100 _aJohn Moore S J
_9229994
245 _aOur Schools
260 _aNewdelhi
_bOpearation M.A.G.I.S
_c1989
300 _a39p
650 _aEducation
_9229995
999 _c238560
_d238560